Illuminated Alphabates (Record no. 240568)

MARC details
000 -LEADER
fixed length control field 00304pam a2200133 a 4500
020 ## - INTERNATIONAL STANDARD BOOK NUMBER
Terms of availability
041 ## - LANGUAGE CODE
Language code of original
082 ## - DEWEY DECIMAL CLASSIFICATION NUMBER
Classification number 745.674
Item number CAR
100 ## - MAIN ENTRY--PERSONAL NAME
Personal name Pater Pairica Carter .
245 ## - TITLE STATEMENT
Title Illuminated Alphabates
Medium Textual Documents
260 ## - PUBLICATION, DISTRIBUTION, ETC.
Place of publication, distribution, etc. [s.l]:
Name of publisher, distributor, etc. Search press
300 ## - PHYSICAL DESCRIPTION
Extent 64:
Other physical details paper.
930 ## - EQUIVALENCE OR CROSS-REFERENCE-UNIFORM TITLE HEADING [LOCAL, CANADA]
Uniform title 6778
Holdings
Withdrawn status Lost status Damaged status Not for loan Collection Home library Current library Date acquired Source of acquisition Cost, normal purchase price Total Checkouts Full call number Barcode Date last seen Copy number Price effective from Koha item type
          College of Fine Arts, Pune College of Fine Arts, Pune 31/12/2012 Bhararti Sahakari Grahak Bhandar 700.00   745.674 CAR FAP-7155 07/03/2023 1 07/03/2023 Book